[Event "Riscle-C"]
[Site "Riscle"]
[Date "2017.08.07"]
[Round "5"]
[White "Camuzeaux, Jules"]
[Black "Gabillard, Gilbert"]
[Result "0-1"]
[WhiteElo "1579"]
[BlackElo "1519"]
[PlyCount "68"]
[EventDate "2017.08.07"]
[EventType "tourn"]
[EventRounds "7"]
[EventCountry "FRA"]
[SourceTitle "EXT 2019"]
[Source "ChessBase"]
[SourceDate "2018.10.10"]
[SourceVersion "1"]
[SourceVersionDate "2018.10.10"]
[SourceQuality "1"]

1. e4 e6 2. Nc3 d5 3. d4 Nf6 4. Bg5 Be7 5. e5 Nfd7 6. Bxe7 Qxe7 7. f4 a6 8. Nf3 c5 9. Be2 Nc6 10. Qd2 cxd4 11. Nxd4 Nxd4 12. Qxd4 Qc5 13. Qxc5 Nxc5 14. 0-0 Bd7 15. Rad1 Ke7 16. f5 Rhf8 17. f6+ gxf6 18. Rxf6 Rg8 19. Rdf1 Rg7 20. Bh5 Be8 21. a3 Nd7 22. Ne2 Nxe5 23. Nd4 Bd7 24. R6f2 Rf8 25. Re2 Rg5 26. Nf3 Nxf3+ 27. Bxf3 Bb5 28. Rfe1 Bxe2 29. Rxe2 f6 30. c4 Re5 31. Rxe5 fxe5 32. cxd5 Rxf3 33. gxf3 exd5 34. Kf2 Kf6 0-1